Informatické potreby malých a stredných firiem
Pohľad na užívateľov IT. Využívanie ekonomických informačných systémov na riadenie podnikových procesov v SR a v ČR. Podpora riadenia podniku kancelárskymi informačnými systémami v SR a v ČR. Prístupy podnikov do počítačovej siete v SR a v ČR.
Saved in:
| Main Author: | |
|---|---|
| Format: | Book Chapter |
| Language: | Slovak |
| Subjects: | |
| Tags: |
No Tags, Be the first to tag this record!
|
MARC
| LEADER | 00000naa$a2200000$$$4500 | ||
|---|---|---|---|
| 001 | 0056462 | ||
| 005 | 20230929122016.2 | ||
| 041 | 0 | |a slo | |
| 044 | |a SK | ||
| 245 | 1 | 0 | |a Informatické potreby malých a stredných firiem |c Mária Pomffyová |
| 520 | |a Pohľad na užívateľov IT. Využívanie ekonomických informačných systémov na riadenie podnikových procesov v SR a v ČR. Podpora riadenia podniku kancelárskymi informačnými systémami v SR a v ČR. Prístupy podnikov do počítačovej siete v SR a v ČR. | ||
| 610 | 2 | 0 | |a podnik |
| 610 | 2 | 0 | |a systémy informačné podnikové |
| 610 | 2 | 0 | |a informatizácia |
| 610 | 2 | 0 | |a procesy podnikové |
| 610 | 2 | 0 | |a Česko |
| 610 | 2 | 0 | |a siete počítačové |
| 610 | 2 | 0 | |a Slovensko |
| 100 | 1 | |a Pomffyová, Mária | |